Currencies used in Zimbabwe - Statistics

General Stats
  • This quiz has been taken 36 times
  • The average score is 7 of 9
Answer Stats
Country Currency % Correct
United States Dollar
100%
Australia Dollar
97%
United Kingdom Pound Sterling
94%
Japan Yen
91%
Europe Euro
84%
South Africa Rand
81%
India Rupee
72%
China Yuan
63%
Botswana Pula
47%
No matching quizzes found
Score Distribution
Percent of People with Each Score
Percentile by Number Answered
Your Score History
You have not taken this quiz